00690cam a22002052 4500001001100000005001700011008004100028020001700069040001500086100003800101245012400139250001300263260003600276300002200312650003100334650003400365700004200399700004000441852000300481000002488620151217155237.0140323s xx 000 0 eng d a0073054615 : aKABUcKABU1 aMcKinley, MMichael P.@000018514110aAnatomy & physiology :ban integrative approach /cMichael P. McKinley, Valerie Dean O'Loughlin, Theresa Stouter Bidle. a1st ed. aNew York :bMcGraw-Hill,c2013. axxxviii, 1169 p. 0aHuman anatomy.@0000155598 0aHuman physiology.@00001555971 aO'Loughlin, Valerie Dean.@00001851421 aBidle, Theresa Stouter.@00001851431